000
00352nam a2200133Ia 4500
008
230411s9999 xx 000 0 und d
041
_a
eng
082
_a
PS/610.7365/GUP/B08603
100
_a
Gupta Ram
245
_a
Solved Papers in Mental Health Nursing
260
_b
S Vikas and Co
_a
Jalandhar
_c
2016
300
_a
136p
999
_c
158227
_d
158227